000 00565nam a2200217Ia 4500
003 OSt
005 20220926042247.0
006 a|||||r|||| 00| 0
007 ta
008 220923b |||||||| |||| 00| 0 eng d
037 _cGeneral Book
040 _aRTL
_cRTL
_beng
041 _2eng
_aeng
082 _aY744526B:351, H9
100 _aPangtey K S
_9346012
245 0 _aLonely furrous of the borderland
260 _c1949
650 _aIndian Society
942 _hY744526B:351, H9
_cGB
_2CC
999 _c669271
_d669271